000
00295nam a22001337a 4500
008
170504b xxu||||| |||| 00| 0 eng d
020
_a
9780073535821
041
_a
eng
080
_2
7 ED
_a
347
100
_a
14
101
_a
SHJ
245
_a
NEW TESTAMENT
_c
HARRIS.S.L
942
_2
udc
_c
BK
999
_c
12700
_d
12700